000 00330nam a2200121Ia 4500
005 20251222143231.0
008 251222s9999||||xx |||||||||||||| ||spa||
020 _a1679-5318
082 _a410.2/U61/Ej.2
245 0 _aII Congreso Internacional todas las Letras:
264 _bUniversidad de Presbitariana Mackenzie
942 _cLIB
999 _c14190
_d14190